តួនាទីព្រៃឈើក្នុងការអភិវឌ្ឍន៍ជនបទ (Record no. 3092)
[ view plain ]
| 000 -LEADER | |
|---|---|
| fixed length control field | 00480nam a22001577a 4500 |
| 003 - CONTROL NUMBER IDENTIFIER | |
| control field | OSt |
| 005 - DATE AND TIME OF LATEST TRANSACTION | |
| control field | 20151104094107.0 |
| 008 - FIXED-LENGTH DATA ELEMENTS--GENERAL INFORMATION | |
| fixed length control field | 151104b xxu||||| |||| 00| 0 eng d |
| 040 ## - CATALOGING SOURCE | |
| Transcribing agency | RUA |
| 082 ## - DEWEY DECIMAL CLASSIFICATION NUMBER | |
| Classification number | FOR ផុន 1995 B121 Or.1 |
| 100 ## - MAIN ENTRY--PERSONAL NAME | |
| 9 (RLIN) | 3315 |
| Personal name | ផុន លីវិរៈ |
| 245 ## - TITLE STATEMENT | |
| Title | តួនាទីព្រៃឈើក្នុងការអភិវឌ្ឍន៍ជនបទ |
| 260 ## - PUBLICATION, DISTRIBUTION, ETC. (IMPRINT) | |
| Place of publication, distribution, etc. | Phnom Penh |
| Name of publisher, distributor, etc. | RUA |
| Date of publication, distribution, etc. | 1995 |
| 300 ## - PHYSICAL DESCRIPTION | |
| Extent | 94p. |
| Other physical details | ill. |
| Dimensions | 29cm. |
| 942 ## - ADDED ENTRY ELEMENTS (KOHA) | |
| Source of classification or shelving scheme | |
| Koha item type | FOR |
| Price effective from | Date last seen | Permanent Location | Not for loan | Date acquired | Source of classification or shelving scheme | Koha item type | Lost status | Withdrawn status | Total Renewals | Date last checked out | Total Checkouts | Shelving location | Damaged status | Barcode | Current Location | Full call number |
|---|---|---|---|---|---|---|---|---|---|---|---|---|---|---|---|---|
| 2015-11-04 | 2015-11-04 | Library Block B | 2015-11-04 | FOR | B121 | RUA027588 | Library Block B | FOR ផុន 1995 B121 Or.1 | ||||||||
| 2015-11-04 | 2016-07-18 | Library Block B | 2015-11-04 | FOR | 1 | 2016-07-08 | 2 | B121 | RUA027875 | Library Block B | FOR ផុន 1995 B121 Or.2 | |||||
| 2015-11-04 | 2016-04-04 | Library Block B | 2015-11-04 | FOR | 2016-04-01 | 1 | B121 | RUA027878 | Library Block B | FOR ផុន 1995 B121 Or.3 | ||||||
| 2015-11-04 | 2015-11-04 | Library Block B | 2015-11-04 | FOR | B121 | RUA027803 | Library Block B | FOR ផុន 1995 B121 Or.4 | ||||||||
| 2016-11-03 | 2016-11-03 | Library Block B | 2016-11-03 | FOR | B121 | RUA046149 | Library Block B | FOR ផុន 1995 B121 Or.5 |